|
|
|
|
| LEADER |
00000cam a2200000 7i4500 |
| 001 |
0000022364 |
| 005 |
20080728.0 |
| 008 |
080727 |
| 020 |
|
|
|a 9676018236
|
| 090 |
0 |
0 |
|a 899.23076
|b SAU
|
| 100 |
0 |
|
|a Saudah Mohamed
|
| 245 |
1 |
0 |
|a Antologi seuntai kata untuk dirasa .
|n tingkatan 2
|c Saudah Mohamed
|
| 260 |
|
|
|a Selangor :
|b SNP Panpac (M) Sdn Bhd ,
|c 2008
|
| 440 |
|
|
|a Siri ulasan dan kajian kesusasteraan melayu dalam matapelajaran Bahasa Melayu
|
| 650 |
|
0 |
|a Malay literature
|x Criticism, Textual
|
| 650 |
|
0 |
|a Malay literature
|x Problems, exercises, etc
|
| 999 |
|
|
|a 0001036012
|b Book
|c Teenagers
|e Cawangan Sri Merlong
|
| 999 |
|
|
|a 0001036014
|b Book
|c Teenagers
|e Perbadanan Perpustakaan Awam Johor
|
| 999 |
|
|
|a 0001036015
|b Book
|c REFERENCE
|e Perbadanan Perpustakaan Awam Johor
|
| 999 |
|
|
|a 0001036016
|b Book
|c Teenagers
|e Cawangan Muar
|